00655nam a2200241 a 4500001001300000003000900013005001700022008003800039020001000077082001700087100001700104245002500121260001300146300000900159500003500168505002400203650002200227700001700249902000800266942000700274952011700281999001500398nice12345678IN_TiNIC20260116011525.0050524s1918 a grp 000 0 ger  ac10000a297.63bAND1 aAndrae Tor,  aDie Person Muhammeds abc1918 a401p aincludes index and biblioraphy2 aBibliography, Index aMuhammad, Prophet1 aAndrae Tor,  bSRS cBK 001040708StackRoom-aHMIbHMId2007-07-09g100.00l0o297.63 AND1p01651r2007-07-09v100.00w2005-05-24yBK c2303d2303